000 00508cam a2200169 4500500
005 20260329001403.0
041 _afre
042 _adc
100 1 0 _aPinsart, Marie-Geneviève
_eauthor
245 0 0 _aConcevoir l’embryon
260 _c2006.
500 _a32
690 _aClonage
690 _aEmbryon
786 0 _nPhilosophie magazine | 5 | 12 | 2006-12-01 | p. 15-15 | 1951-1787
856 4 1 _uhttps://shs.cairn.info/magazine-philosophie-magazine-2006-12-page-15?lang=fr&redirect-ssocas=7080
999 _c1804921
_d1804921